000 00804nam a22002297a 4500
001 48331
003 BD-RjUL
005 20211209054513.0
008 160813s1950 ii ||||| |||| 00| 0 ben d
020 _c: IRs 1.00
035 _a(BD-RjUL)48450
040 _aBD-RjUL
_bben
_cBD-RjUL
041 _aben
082 _223
_a891.442
_bASK 1955
100 _aআশরাফ, শহীদ
_9146302
245 1 0 _aকুমারখালী ষ্টেট :
_bডিটেকটিভ নাটক /
_cশহীদ আশরাফ
260 _aকলিকাতা :
_bদিগন্ত পাবলিশিং ,
_c১৯৫৫
300 _a৯০ পৃ. ;
_c১৭ সেমি.
650 _aবাংলা নাটক
_9146303
650 _aBengali Drama
_9146304
942 _2ddc
_cBK
999 _c48331
_d48331